| 000 | 01422nam a2200349 c 4500 | ||
|---|---|---|---|
| 003 | BLK | ||
| 005 | 20240819162512.0 | ||
| 008 | 180410b bul|||||r ||||||| ||bul|| | ||
| 010 | _aKNG00161986000 | ||
| 020 |
_a978-954-742-200-1 _bиздат.: Слънце |
||
| 040 | _aBLK | ||
| 041 |
_aBUL _cBUL |
||
| 072 | 7 |
_2bullib _aН83 _xЧужда художествена литература Н |
|
| 080 |
_aАмериканска литература (на САЩ) _b821.111(73) _x-054.7-312.6 _z821.111(73)-054.7-312.6 |
||
| 100 | 1 |
_aМин, Ан Чи _eпърви автор _gМин, Анчи _9332792 |
|
| 700 | 1 |
_aМин, Анчи _e* _9381088 |
|
| 139 |
_aМин, Анчи _bМ 62 |
||
| 245 | 1 | 0 |
_aПогубена младост _cАн Чи Мин; * Анчи Мин. |
| 257 | _aUSA | ||
| 260 |
_аСофия _bСлънце _c2013 _fСофия : Инвестпрес |
||
| 300 |
_a384 с. _c20 см |
||
| 380 | _aX | ||
| 500 | _aБез сведение за ориг. загл. - Възприетата форма на името на авт. е Анчи Мин. - Съдържа и за авт. | ||
| 653 | _aроманизувани биографии | ||
| 659 | _aН | ||
| 852 | _aЦб 269356 | ||
| 856 | 4 |
_qpdf _u |
|
| 856 | 4 |
_qpdf _u |
|
| 942 |
_cKNG _n0 _06 |
||
| 944 |
_aCR _c13.06.2014 _lЦветомила Тодорова _k30576 |
||
| 944 |
_aED _c27.03.2015 _lф / _kПенка_Димитрова |
||
| 999 |
_c155312 _d155312 |
||